Land cover classification system (LCCS) : Classification concepts and user manual for software version 1.0

Bibliographic Details
Main Author: DI Gregorio
Corporate Author: Food and Agriculture Organization of the United Nations (FAO)
Other Authors: Jansen
Format: Book
Published: Rome : Food and Agriculture Organization of the United Nations , 2000
Subjects:

MARC

LEADER 00000cam a2200000 7i4500
001 0000001240
005 20140324.0
020 0 0 |a 9251042160 
090 0 0 |a FAO333.7012   |b DIG 2000 
100 1 0 |a DI Gregorio   |h Antonio 
245 1 0 |a Land cover classification system (LCCS) :   |b Classification concepts and user manual for software version 1.0   |c Antonio di Gregorio and Louisa J. M. Jansen 
260 0 0 |a Rome :   |b Food and Agriculture Organization of the United Nations ,   |c 2000 
300 |a xi, 179 p. :   |b col. ill. ;   |c 30 cm. 
650 0 0 |a Land use   |x Classification   |x Handbooks, manuals, etc. 
700 0 1 |a Jansen   |h Louisa J. M. 
710 1 1 |a Food and Agriculture Organization of the United Nations (FAO) 
998 |a JPSM 
999 |a 0000002385   |b Monograph   |c Food and Agriculture Organization   |e Default branch